হিমু মামা / (Record no. 2901)
[ view plain ]
| 000 -LEADER | |
|---|---|
| fixed length control field | 00604nam a2200217 a 4500 |
| 001 - CONTROL NUMBER | |
| JCCL Control Number | 2901 |
| 003 - CONTROL NUMBER IDENTIFIER | |
| JCCL marc code | BD-JhCC |
| 005 - DATE AND TIME OF LATEST TRANSACTION | |
| control field | 20171108091830.0 |
| 008 - FIXED-LENGTH DATA ELEMENTS--GENERAL INFORMATION | |
| fixed length control field | 171108s2008 bg a|||| |||| 000 0 ben d |
| 020 ## - INTERNATIONAL STANDARD BOOK NUMBER | |
| International Standard Book Number | 9844151600 |
| 035 ## - SYSTEM CONTROL NUMBER | |
| system control number | (BD-JhCC)2901 |
| 040 ## - CATALOGING SOURCE | |
| Original cataloging agency | BD-JhCC |
| Modifying agency | BD-JhCC |
| 041 ## - LANGUAGE CODE | |
| Language code of Book | ben |
| 082 ## - DEWEY DECIMAL CLASSIFICATION NUMBER | |
| Classification number | 891.4433 |
| Author mark and Year | AHM 2008 |
| 245 ## - TITLE STATEMENT | |
| Title | হিমু মামা / |
| Statement of responsibility, etc | হুমায়ূন আহমেদ |
| 260 ## - PUBLICATION, DISTRIBUTION, ETC. (IMPRINT) | |
| Place of publication, distribution, etc | ঢাকা : |
| Name of publisher, distributor, etc | অবসর, |
| Date of publication, distribution, etc | ২০০৮. |
| 300 ## - PHYSICAL DESCRIPTION | |
| Pagination | ৭৯ পৃ. : |
| Other physical details | ill. ; |
| Dimensions | ২১ সেম. |
| 650 ## - SUBJECT ADDED ENTRY--TOPICAL TERM | |
| Topical term or geographic name as entry element | Bengali novel |
| 942 ## - ADDED ENTRY ELEMENTS (KOHA) | |
| Source of classification or shelving scheme | Dewey Decimal Classification |
| Koha item type | Books |
| Source of classification or shelving scheme | Damaged status | Not for loan | Home library | Current library | Shelving location | Date of accession | Cost, normal purchase price | Total Checkouts | Full call number | Barcode | Date last seen | Copy number | Koha item type |
|---|---|---|---|---|---|---|---|---|---|---|---|---|---|
| Dewey Decimal Classification | JCC Rouf Library | JCC Rouf Library | General Stacks | 11/08/2017 | 80.00 | 891.4433 AHM 2008 | 4725 | 11/08/2017 | C-1 | Books |